[Event "6th Polonia Wroclaw Open A"]
[Site "Wroclaw POL"]
[Date "2011.07.07"]
[Round "5"]
[White "Dobrowolski,A"]
[Black "Strzemiecki,Z"]
[Result "1/2-1/2"]
[WhiteElo "2306"]
[BlackElo "2420"]

1.e4 e6 2.d4 d5 3.Nc3 Nf6 4.e5 Nfd7 5.f4 c5 6.Nf3 Nc6 7.Be3 a6 8.Qd2 b5 9.dxc5 Bxc5
10.Ne2 Qb6 11.Bxc5 Nxc5 12.Ned4 Bb7 13.Nxc6 Bxc6 14.Qd4 b4 15.Bd3 g6 16.O-O-O h5
17.Kb1 a5 18.Ng5 Rb8 19.Be2 Na4 20.h4 Bb5 21.Qxb6 Rxb6 22.Bf3 Bc4 23.Ka1 Nc5
24.g4 hxg4 25.Bxg4 Ne4 26.Nxe4 dxe4 27.h5 gxh5 28.Bxh5 Ke7 29.b3 Rxh5 30.Rxh5 Be2
31.Rdh1 Bxh5 32.Rxh5 Rc6 33.Kb2 Rc3 34.Kc1 Rf3 35.Rh8 e3 36.Kd1 Rf1+ 37.Ke2 Rf2+
38.Kxe3 Rxc2 39.Ra8 Rxa2 40.Ra7+ Kf8 41.f5 exf5 42.Kf4 Ke8 43.Kxf5 Rb2 44.Rxa5 Rxb3
45.Ra8+ Ke7 46.Ra7+ Kf8 47.Rb7 Rf3+ 48.Kg4 Rb3 49.Kf5 Rb1 50.Kf6 Rf1+ 51.Kg5 Rb1
52.Kf6 Rf1+  1/2-1/2

[Event "FSFMA July"]
[Site "Budapest HUN"]
[Date "2011.07.08"]
[Round "7.5"]
[White "Kis,B1"]
[Black "Winkler,St1"]
[Result "0-1"]
[WhiteElo "2058"]
[BlackElo "1864"]

1.e4 e6 2.d4 d5 3.Nc3 Nf6 4.e5 Nfd7 5.f4 c5 6.Nf3 Nc6 7.Be3 cxd4 8.Nxd4 Bc5
9.Be2 O-O 10.Bf3 Qb6 11.Na4 Qa5+ 12.c3 Nxd4 13.Bxd4 Bxd4 14.Qxd4 b6 15.Qb4 Qxb4
16.cxb4 Ba6 17.Be2 Bxe2 18.Kxe2 Rac8 19.Rhc1 f6 20.exf6 gxf6 21.Rc3 d4 22.Rd3 Rc2+
23.Rd2 Rfc8 24.Rd1 e5 25.Kd3 Rxd2+ 26.Rxd2 b5 27.Nc5 Nxc5+ 28.bxc5 Rxc5 29.Rf2 Kg7
30.Ke4 Kg6 31.fxe5 fxe5 32.a3 a5 33.h3 h6 34.Kd3 Rc7 35.Ke4 Rc5 36.Kd3 b4
37.axb4 axb4 38.Ke4 Kg5 39.g3 Kg6 40.Rf3 Ra5 41.Rf8 Kg7 42.Rd8 Kg6 43.h4 b3
44.g4 Kf7 45.Rd6 Kg7 46.Kf5 Rc5 47.Rd7+ Kf8 48.Rb7 Rd5 49.Ke6 Rd8 50.Rf7+ Kg8
51.Rf1 e4 52.Ke5 e3 53.Ke4 e2 54.Rg1 d3 55.Ke3 Rf8  0-1

[Event "XXXIV Open"]
[Site "Barbera del Valles ESP"]
[Date "2011.07.09"]
[Round "6"]
[White "Capellades Subirana,M"]
[Black "Jareno Badenas,A"]
[Result "1-0"]
[WhiteElo "2260"]
[BlackElo "2026"]

1.e4 e6 2.d4 d5 3.Nc3 Nf6 4.e5 Nfd7 5.Nf3 c5 6.Bb5 a6 7.Bxd7+ Bxd7 8.O-O Nc6
9.Re1 b5 10.Ne2 Rc8 11.Be3 Qb6 12.c3 c4 13.Ng3 Be7 14.Nh5 Rg8 15.Qc2 g6 16.Nf6+ Bxf6
17.exf6 b4 18.Bh6 Qa5 19.Qd2 Rb8 20.Ng5 Na7 21.Qf4 Qb6 22.Nxe6 Bxe6 23.Rxe6+  1-0

[Event "St Pauli Open"]
[Site "Hamburg GER"]
[Date "2011.07.12"]
[Round "5.15"]
[White "Colpe,M"]
[Black "Hedden,H"]
[Result "0-1"]
[WhiteElo "2247"]
[BlackElo "2100"]

1.e4 e6 2.d4 d5 3.Nc3 Nf6 4.e5 Nfd7 5.f4 c5 6.Nf3 cxd4 7.Nxd4 Nc6 8.Be3 Bc5
9.Qd2 O-O 10.O-O-O a6 11.Nb3 Bxe3 12.Qxe3 b5 13.Bd3 b4 14.Na4 a5 15.Qh3 g6
16.Qh6 Ba6 17.h4 Bxd3 18.Rxd3 Qe7 19.h5 Rfb8 20.g4 Qf8 21.Qg5 Qd8 22.hxg6 Qxg5
23.gxf7+ Kg7 24.fxg5 Ncxe5 25.Rdh3 Nf8 26.Nd4 Kxf7 27.Rf1+ Kg8 28.Nc5 Re8
29.Re1 Nxg4 30.Rg3 Nf2 31.Re2 Rac8 32.Ndb3 a4 33.Rxf2 axb3 34.Nxb3 Rc4 35.Nd2 Rh4
36.Nf3 Rf4 37.Rd2 Ra8 38.Kb1 Nd7 39.b3 Raf8 40.Nd4 Rf1+ 41.Kb2 Nc5 42.g6 h5
43.Nxe6 Nxe6 44.Rxd5 h4 45.Rg4 R1f4 46.Rg1 R8f5 47.Rd6 Re4 48.Rd2 Rg5 49.Rh1 Rxg6
50.a3 Rh6 51.axb4 Rxb4 52.c3 Re4 53.b4 Kf7 54.Kb3 h3 55.Ka4 Rg4 56.Rdh2 Rg3
57.c4 Nd4 58.b5 Nf3 59.Rf2 h2 60.b6 Ke7 61.Rb2 Rg1 62.b7 Rh8 63.Rbxh2 Rxh1
64.b8=Q Ra1+  0-1

[Event "3rd Magic Valley"]
[Site "Rodatychi UKR"]
[Date "2011.07.12"]
[Round "9"]
[White "Andrenko,I"]
[Black "Nguyen,P"]
[Result "0-1"]
[WhiteElo "2272"]
[BlackElo "2378"]

1.e4 e6 2.d4 d5 3.Nc3 Nf6 4.e5 Nfd7 5.f4 c5 6.Nf3 Nc6 7.Be3 Be7 8.Qd2 O-O
9.dxc5 Bxc5 10.O-O-O Qa5 11.Bxc5 Nxc5 12.Kb1 Bd7 13.Nd4 Nxd4 14.Qxd4 Rac8
15.h4 Rfd8 16.Qd2 Be8 17.Bd3 b5 18.Ne4 b4 19.Nxc5 Rxc5 20.Qe2 Rdc8 21.g4 Qa4
22.b3 Qa3 23.c4 bxc3 24.Qc2 a5 25.Bxh7+ Kh8 26.Ka1 Qb2+ 27.Qxb2 cxb2+ 28.Kxb2 Kxh7
29.Rh2 Bb5 30.h5 Rc3 31.g5 Bd3 32.Rdd2 Bf5 33.h6 gxh6 34.Rxh6+ Kg7 35.Rhh2 Rf3
36.Rd4 Be4 37.Ra4 Rc5 38.b4 axb4 39.Rxb4 Rxf4 40.Rb8 Rf1  0-1

[Event "Lev Polugaevsky Mem"]
[Site "Samara RUS"]
[Date "2011.07.13"]
[Round "9"]
[White "Borisenko,An"]
[Black "Iskusnyh,S"]
[Result "1/2-1/2"]
[WhiteElo "2376"]
[BlackElo "2455"]

1.e4 e6 2.d4 d5 3.Nc3 Nf6 4.e5 Nfd7 5.Nf3 c5 6.dxc5 Nc6 7.Bf4 Bxc5 8.Bd3 f6
9.exf6 Qxf6 10.Bg5 Qf7 11.Qe2 O-O 12.O-O-O h6 13.Bh4 Bb4 14.Bg3 Bxc3 15.bxc3 Qe7
16.Rhe1 Nb6 17.Kd2 Bd7 18.Ne5 Nxe5 19.Qxe5 Rac8 20.Qd4 Na4 21.Rb1 b6 22.Rb3 Nc5
23.Rb4 Nxd3 24.cxd3 Rc5 25.Ke2 Rfc8 26.Rc1 Qg5 27.Rbb1 e5 28.Bxe5 Re8 29.f4 Qxg2+
30.Qf2 Bg4+ 31.Ke3 Qxf2+ 32.Kxf2 Bf5 33.Ke3 Ra5 34.Rb2 Kf7 35.h4 h5 36.Rcc2 Rc8
37.Rb4 Ra3 38.Rb5 Ke6 39.Rcb2 g6 40.R5b3 Ra5 41.Rb5 Ra3 42.R5b3 Ra5 43.Rb5 Rc5
44.R5b4 Ra3 45.R4b3 Ra4 46.Rb4 Ra3 47.R4b3 Ra6 48.Rg2 Rca5 49.Rbb2 Ra3 50.Bd4 R6a5
51.Rgd2 Bg4 52.Rg2 Kd7 53.Rgd2 Kc6 54.Rdc2 Bf5 55.Rg2 Rb5 56.Rxb5 Kxb5 57.Rb2+ Kc6
58.Bg7 b5 59.Bf8 Ra6 60.a3 Rb6 61.Kd4 Rb8 62.Bg7 Rb7 63.Bf6 a5 64.Bd8 Ra7
65.Rc2 Ra8 66.Bf6 Re8 67.Be5 Re7 68.a4 bxa4 69.Ra2 Kb5 70.Ra1 Re8 71.Rb1+ Kc6
72.Ra1 Kb5 73.Rb1+ Ka6 74.Ra1 Kb5 75.Rb1+ Kc6 76.Ra1 a3 77.Rxa3 Ra8 78.Ra4 Kb5
79.Ra2 Kc6 80.Ra4 Kb5 81.Ra2 Kc6 82.Ra4 Ra7 83.Bb8 Ra8 84.Be5 Ra7 85.Bb8 Rb7
86.Be5 Rb5 87.Bf6 Kb6 88.Bd8+ Kc6 89.Bxa5 Rb1 90.c4 dxc4 91.dxc4 Rh1 92.Rb4 Rxh4
93.Rb6+ Kd7 94.Ke5 Rh1 95.c5 Rc1 96.Rd6+ Ke7 97.Bd8+ Kf7 98.c6 Re1+ 99.Kd5 Be4+
100.Kc5 Rc1+ 101.Kb6 Rxc6+ 102.Rxc6 Bxc6 103.Kxc6 Ke6 104.Bg5 Kf5 105.Kd5 h4
106.Bxh4  1/2-1/2

[Event "3rd International Open"]
[Site "Rethymno GRE"]
[Date "2011.07.14"]
[Round "5"]
[White "Kryvoruchko,Y"]
[Black "Rychagov,A"]
[Result "1-0"]
[WhiteElo "2652"]
[BlackElo "2560"]

1.e4 e6 2.d4 d5 3.Nc3 Nf6 4.e5 Nfd7 5.f4 c5 6.Nf3 Nc6 7.Be3 Be7 8.Qd2 O-O
9.Be2 b6 10.Nd1 cxd4 11.Nxd4 Nxd4 12.Bxd4 f6 13.exf6 Bxf6 14.O-O Nc5 15.c3 Bb7
16.Nf2 Bxd4 17.cxd4 Ne4 18.Qe3 Qd6 19.g3 Qb4 20.Bg4 Rfe8 21.Nd3 Qd6 22.Rfc1 Rac8
23.Bf3 Nf6 24.a3 Rxc1+ 25.Rxc1 Rc8 26.Re1 Ne4 27.Nf2 Rd8 28.Kg2 Kf7 29.Be2 Rd7
30.Bd3 Rd8 31.Kf3 Nf6 32.g4 Rf8 33.h4 Bc8 34.h5 Kg8 35.Kg3 Bd7 36.Qe5 Qe7
37.Rh1 Be8 38.h6 gxh6 39.Rxh6 Qg7 40.Qg5 Kh8 41.Qh4 Kg8 42.Qg5 Kh8 43.Rh1 Kg8
44.Qe5 Kh8 45.Kf3 Bf7 46.Rc1 Bg6 47.Bxg6 hxg6 48.Rc7  1-0

[Event "3rd International Open"]
[Site "Rethymno GRE"]
[Date "2011.07.14"]
[Round "5"]
[White "Maris,Io"]
[Black "Markidis,K"]
[Result "0-1"]
[WhiteElo "2112"]
[BlackElo "2330"]

1.e4 e6 2.d4 d5 3.Nc3 Nf6 4.e5 Nfd7 5.Nce2 c5 6.c3 Nc6 7.f4 f5 8.Nf3 Be7
9.g3 O-O 10.Bh3 b5 11.g4 b4 12.O-O bxc3 13.bxc3 Nb6 14.gxf5 exf5 15.Be3 c4
16.Kh1 Qe8 17.Rg1 Nd8 18.Rg2 Kh8 19.Neg1 Bd7 20.Rb1 Qh5 21.Qe1 Ne6 22.Bc1 h6
23.Qg3 Rg8 24.Qg6 Qxg6 25.Rxg6 Raf8 26.Ne2 Kh7 27.Rg1 g5 28.Bg2 g4 29.Ne1 Nc7
30.Nc2 Rb8 31.Bd2 Kg6 32.Ne3 Be6 33.a4 a5 34.Ra1 Nd7 35.Ng3 Rb2 36.Bc1 Rb3
37.Bd2 Rgb8 38.Rgc1 h5 39.h3 Ba3 40.Rf1 Bb2 41.hxg4 hxg4 42.Rae1 Bxc3 43.Bxc3 Rxc3
44.Ngxf5 Bxf5 45.Nxd5 Nxd5 46.Bxd5 Rd3 47.Bxc4 Rxd4 48.Bb5 Nc5 49.Rc1 Ne6
50.Rc6 Be4+  0-1

[Event "I Goi Mailako Centre GM"]
[Site "Donostia ESP"]
[Date "2011.07.15"]
[Round "4"]
[White "Gonzalez de la Torre,S"]
[Black "Libiszewski,F"]
[Result "0-1"]
[WhiteElo "2460"]
[BlackElo "2480"]

1.e4 e6 2.d4 d5 3.Nc3 Nf6 4.e5 Nfd7 5.f4 c5 6.Nf3 Nc6 7.Be3 cxd4 8.Nxd4 Bc5
9.Qd2 O-O 10.O-O-O Bxd4 11.Bxd4 Qa5 12.Kb1 Rb8 13.Nb5 Qxd2 14.Rxd2 a6 15.Nd6 Nxd4
16.Rxd4 f6 17.exf6 Nxf6 18.g3 Bd7 19.c4 Rfd8 20.b4 Bc6 21.c5 b6 22.Ka1 bxc5
23.bxc5 Nd7 24.Be2 Nxc5 25.Rc1 Rxd6 26.Rxc5 Be8 27.f5 Bf7 28.Ra4 Rdb6 29.Bd3 e5
30.Rxa6 R6b7 31.Rac6 Kf8 32.a4 e4 33.Bc2 Ke7 34.g4 e3 35.Bd3 Rb3 36.Rc7+ Kf6
37.R5c6+ Kg5 38.Bb5 e2 39.Re7 Ra3+ 40.Kb2 Rxa4 41.Kb3 Re4  0-1

[Event "34th Taminco Open"]
[Site "Ghent BEL"]
[Date "2011.07.16"]
[Round "1.12"]
[White "Rijnaarts,S"]
[Black "Jonkheer,A"]
[Result "1-0"]
[WhiteElo "2302"]
[BlackElo "1843"]

1.e4 e6 2.d4 d5 3.Nc3 Nf6 4.e5 Nfd7 5.f4 c5 6.Nf3 cxd4 7.Nxd4 Nc6 8.Be3 a6
9.Qd2 Nxd4 10.Bxd4 f6 11.exf6 Nxf6 12.O-O-O Bd6 13.g3 Qc7 14.Bg2 O-O 15.Rhe1 Bd7
16.Bxf6 Rxf6 17.Bxd5 exd5 18.Nxd5 Qc4 19.Nxf6+ gxf6 20.Qxd6  1-0

[Event "118th ch-SCO"]
[Site "Edinburgh SCO"]
[Date "2011.07.17"]
[Round "9"]
[White "Arakhamia-Grant,K"]
[Black "Dempsey,T"]
[Result "1-0"]
[WhiteElo "2464"]
[BlackElo "2201"]

1.e4 e6 2.d4 d5 3.Nc3 Nf6 4.e5 Nfd7 5.f4 c5 6.Nf3 Nc6 7.Be3 a6 8.Qd2 b5 9.Be2 b4
10.Nd1 Qb6 11.O-O a5 12.c3 Ba6 13.Bxa6 Qxa6 14.Nf2 bxc3 15.bxc3 cxd4 16.cxd4 Be7
17.Rfc1 O-O 18.f5 exf5 19.Qc2 Nd8 20.Qxf5 Qe6 21.Qd3 Nb6 22.Nh3 Qd7 23.Nhg5 g6
24.Nd2 Ne6 25.Nxe6 fxe6 26.Rab1 Bb4 27.Nf3 Nc4 28.Bh6 Rfe8 29.Rf1 Bf8 30.Bc1 Bg7
31.Ng5 Re7 32.Ba3 Nxa3 33.Qxa3 Bh6 34.Nf3 Rf7 35.Rb6 Bf8 36.Qd3 Be7 37.Rfb1 Rc8
38.h3 Bd8 39.Rd6 Qe8 40.Qa6 Rfc7 41.Rxe6 Rc1+ 42.Rxc1 Rxc1+ 43.Kh2 Qf7 44.Rf6 Bxf6
45.exf6 Qd7 46.Ne5 Qf5 47.Qa8+ Rc8 48.Qxd5+ Kf8 49.Qf7+  1-0

[Event "III Corporation Cup A"]
[Site "Izhevsk RUS"]
[Date "2011.07.17"]
[Round "3"]
[White "Kassimov,B"]
[Black "Volkov,Sergey1"]
[Result "1-0"]
[WhiteElo "2268"]
[BlackElo "2607"]

1.e4 e6 2.d4 d5 3.Nc3 Nf6 4.e5 Nfd7 5.f4 c5 6.Nf3 Be7 7.Be3 a6 8.Qd2 b5 9.dxc5 Nxc5
10.a3 Nbd7 11.Bd3 Bb7 12.Bd4 Ne4 13.Qe2 Ndc5 14.O-O Rc8 15.Qe3 O-O 16.Ne2 f5
17.exf6 gxf6 18.b4 Nd7 19.Ng3 f5 20.Ne2 Bf6 21.a4 Bc6 22.Bxf6 Rxf6 23.Ned4 Qb6
24.axb5 Bxb5 25.Bxb5 axb5 26.Ra5 Rc3 27.Qe1 Rxf3 28.gxf3 Qxd4+ 29.Kh1 Nd2
30.Ra8+ Nf8 31.Rg1+ Kh8 32.Rg3 Nc4 33.Qxe6 Qd1+ 34.Kg2 Ne3+ 35.Kh3 Qf1+ 36.Kh4 Ng4
37.Qxf6+  1-0

[Event "16th Balaguer Open"]
[Site "Balaguer ESP"]
[Date "2011.07.18"]
[Round "2"]
[White "Guerra Mendez,J"]
[Black "Rodrigo Yanguas,M"]
[Result "1-0"]
[WhiteElo "2450"]
[BlackElo "2102"]

1.e4 e6 2.d4 d5 3.Nc3 Nf6 4.e5 Nfd7 5.f4 c5 6.Nf3 Nc6 7.Be3 Be7 8.Be2 O-O
9.Qd2 a6 10.O-O b5 11.a3 cxd4 12.Nxd4 Nxd4 13.Bxd4 f6 14.Qe3 Rb8 15.b4 Nb6
16.Rad1 Qc7 17.f5 exf5 18.Bf3 Kh8 19.exf6 Bxf6 20.Bxf6 gxf6 21.Nxd5 Nxd5
22.Rxd5 Bb7 23.Rc5 Qg7 24.Rxf5 Rfe8 25.Qf2 Bc8 26.Rc5 Rd8 27.Be4 Rd6 28.Qf4 Qf8
29.Rh5 Rb7 30.Bxb7  1-0

[Event "III Corporation Cup A"]
[Site "Izhevsk RUS"]
[Date "2011.07.18"]
[Round "4"]
[White "Ozolin,M"]
[Black "Nakhapetiane,P"]
[Result "1-0"]
[WhiteElo "2381"]
[BlackElo "2517"]

1.e4 e6 2.d4 d5 3.Nc3 Nf6 4.e5 Nfd7 5.Nf3 c5 6.dxc5 Nc6 7.Bf4 Bxc5 8.Bd3 f6
9.exf6 Qxf6 10.Bg3 O-O 11.O-O Nd4 12.Nxd4 Bxd4 13.Qd2 a6 14.Rad1 Ba7 15.Qe2 g6
16.Rde1 Kf7 17.Bd6 Rd8 18.Bc7 Rg8 19.Qg4 h5 20.Qh3 Bb8 21.Bxb8 Nxb8 22.Qg3 Nc6
23.Qc7+ Kf8 24.Re3 Rg7 25.Rf3 Rxc7 26.Rxf6+ Rf7 27.Rxg6 Bd7 28.Rh6 Ke7 29.Nxd5+ exd5
30.Re1+  1-0

[Event "16th Creon Open"]
[Site "Creon FRA"]
[Date "2011.08.04"]
[Round "6.16"]
[White "Smati,R"]
[Black "Passager,JP"]
[Result "0-1"]
[WhiteElo "2049"]
[BlackElo "2212"]

1.e4 e6 2.d4 d5 3.Nc3 Nf6 4.e5 Nfd7 5.f4 c5 6.Nf3 Nc6 7.Be3 a6 8.Qd2 b5 9.dxc5 Bxc5
10.Ne2 Qb6 11.Ned4 Nxd4 12.Bxd4 f6 13.exf6 Nxf6 14.Qe3 Ne4 15.Bxc5 Qxc5 16.Qxc5 Nxc5
17.b4 Na4 18.Bd3 O-O 19.g3 Bb7 20.O-O Rf6 21.Rfe1 g6 22.Re5 Nc3 23.a3 Bc6
24.Nd4 Bd7 25.Nb3 Na4 26.Rc1 Rc8 27.h4 Rc3 28.Rb1 Nb6 29.Nc5 Rxa3 30.Rbe1 Kf7
31.h5 Bc8 32.hxg6+ hxg6 33.Kf2 Nc4 34.Bxc4 bxc4 35.R1e3 Ra2 36.Re2 Rf5 37.c3 Ra3
38.R2e3 Ke7 39.Rxf5 gxf5 40.Kf3 Kd6 41.Ke2 a5 42.Kd2 d4 43.cxd4 Rxe3 44.Kxe3 axb4
45.Na4 Bd7 46.Nc5 Bb5 47.Nb7+ Kd5 48.Nc5 c3 49.Nb3 Bc4  0-1

[Event "ECT Open A"]
[Site "Borne NED"]
[Date "2011.08.05"]
[Round "7.9"]
[White "Gunther,M"]
[Black "Klepke,Ricardo"]
[Result "1/2-1/2"]
[WhiteElo "1887"]
[BlackElo "2005"]

1.e4 e6 2.d4 d5 3.Nc3 Nf6 4.e5 Nfd7 5.f4 c5 6.Nf3 Nc6 7.Be3 a6 8.Qd2 b5 9.dxc5 Bxc5
10.O-O-O Qb6 11.Bxc5 Nxc5 12.Nd4 Nxd4 13.Qxd4 b4 14.Ne2 O-O 15.h4 Bd7 16.g4 a5
17.h5 a4 18.Kb1 b3 19.cxb3 axb3 20.a3 Rfc8 21.g5 Qb7 22.Nc3 Na4 23.Rh3 Nxc3+
24.Rxc3 Ra4 25.Qe3 Rxc3 26.Qxc3 Rxf4 27.g6 fxg6 28.hxg6 h6 29.Qg3 Rf8 30.Bg2 Qb5
31.Qd3 Qxd3+ 32.Rxd3 Ba4 33.Bh3 Re8 34.Rd4 Bb5 35.Kc1 Bc4  1/2-1/2

[Event "ECT Open A"]
[Site "Borne NED"]
[Date "2011.08.05"]
[Round "8.5"]
[White "De Jongh,Adriaan"]
[Black "Slagter,D"]
[Result "0-1"]
[WhiteElo "2222"]
[BlackElo "2130"]

1.e4 e6 2.d4 d5 3.Nc3 Nf6 4.e5 Nfd7 5.f4 c5 6.Nf3 Nc6 7.Be3 Qb6 8.Na4 Qa5+
9.c3 cxd4 10.b4 Nxb4 11.cxb4 Bxb4+ 12.Bd2 Bxd2+ 13.Nxd2 b6 14.Bd3 Ba6 15.Nb2 Nc5
16.Bxa6 Qxa6 17.Qe2 d3 18.Qe3 O-O 19.O-O Rac8 20.Rf3 d4 21.Qxd4 Rfd8 22.Qb4 b5
23.Nb3 Qb6 24.Kh1 d2 25.Rd1 a5 26.Qxa5 Qxa5 27.Nxa5 Ne4 28.Nb7 Rd4 29.Nd6 Rc2
30.Nxe4 Rxb2 31.Nc3 b4 32.Ne2 Re4 33.Rd3 g5 34.Ng1 Rxa2 35.fxg5 Rxe5 36.Nf3 Rb5
37.R3xd2 b3 38.Nd4 Rxd2 39.Nf3 Ra2  0-1

[Event "98th ch-GBR"]
[Site "Sheffield ENG"]
[Date "2011.08.05"]
[Round "11.23"]
[White "McKenna,Jas"]
[Black "Arnott,J"]
[Result "1/2-1/2"]
[WhiteElo "2098"]
[BlackElo "2188"]

1.e4 e6 2.d4 d5 3.Nc3 Nf6 4.e5 Nfd7 5.f4 c5 6.Nf3 Nc6 7.Be3 Be7 8.Qd2 O-O
9.Be2 a6 10.O-O b5 11.a3 Qb6 12.Nd1 a5 13.c3 a4 14.Bd3 Na5 15.Qe2 Nc4 16.Bf2 f5
17.exf6 Nxf6 18.dxc5 Bxc5 19.Bxc5 Qxc5+ 20.Kh1 Ra7 21.Ne5 Re7 22.Nf2 Bb7
23.Rae1 Nd6 24.Nh3 Nfe4 25.Ng5 Rf6 26.Ng4 Rg6 27.Nf2 Nxf2+ 28.Qxf2 Qxf2 29.Rxf2 Rh6
30.Rfe2 Bc8 31.Kg1 Nf7 32.Bxb5 Nxg5 33.fxg5 Rh4 34.Re5 Rf7 35.Bd3 Rhf4 36.g3 Rf2
37.R5e2 R2f3 38.Bb5 Ra7 39.Kg2 Rf5 40.h4 d4 41.Bd3 Bb7+ 42.Kh2 Rf3 43.Bc4 Bd5
44.Bxd5 exd5 45.cxd4 Rb7 46.Re8+ Kf7 47.R1e2 Rxb2 48.Re7+ Kf8 49.Re8+ Kf7
50.Re7+ Kf8 51.Re8+  1/2-1/2

[Event "98th ch-GBR"]
[Site "Sheffield ENG"]
[Date "2011.08.05"]
[Round "11.15"]
[White "Eggleston,D"]
[Black "Brown,Mart"]
[Result "1-0"]
[WhiteElo "2318"]
[BlackElo "2130"]

1.e4 e6 2.d4 d5 3.Nc3 Nf6 4.e5 Nfd7 5.f4 c5 6.Nf3 Nc6 7.Be3 a6 8.Qd2 b5 9.a3 Bb7
10.Be2 Qc7 11.O-O O-O-O 12.Nd1 g5 13.c3 gxf4 14.Bxf4 Rg8 15.Nf2 f6 16.exf6 e5
17.dxe5 Ncxe5 18.f7 Rg7 19.Nd3 Nxf3+ 20.Bxf3 Bd6 21.Bxd6 Qxd6 22.Qf4 Qxf4
23.Nxf4 Rxf7 24.Bxd5 Bxd5 25.Nxd5 Rxf1+ 26.Rxf1 Ne5 27.Nf6 h6 28.Re1 Nd3
29.Re2 Nf4 30.Re8 Rxe8 31.Nxe8 Kd7 32.Nf6+ Ke6 33.Ng4 h5 34.Nf2 Kd5 35.g3 Ne6
36.b4 cxb4 37.axb4 Kc4 38.Ne4 Nc7 39.Kf2 Nd5 40.h4 Nxc3 41.Nxc3 Kxc3 42.g4 a5
43.gxh5 axb4 44.h6 b3 45.h7 b2 46.h8=Q+ Kc2 47.Qc8+ Kb3 48.Qe6+ Kc2 49.Qf5+ Kc1
50.Qxb5 b1=Q 51.Qxb1+ Kxb1  1-0

[Event "Stilwerk Masters"]
[Site "Vienna AUT"]
[Date "2011.08.06"]
[Round "4"]
[White "Michielsen,J"]
[Black "Jorczik,J"]
[Result "1/2-1/2"]
[WhiteElo "2331"]
[BlackElo "2383"]

1.e4 e6 2.d4 d5 3.Nc3 Nf6 4.e5 Nfd7 5.f4 c5 6.Nf3 Nc6 7.Be3 Be7 8.Qd2 O-O
9.Be2 b6 10.O-O f6 11.dxc5 Nxc5 12.exf6 Bxf6 13.Nd4 Nxd4 14.Bxd4 Bxd4+ 15.Qxd4 Qf6
16.Rad1 Qxd4+ 17.Rxd4 Bb7 18.b4 Nd7 19.Bg4 Rae8 20.Nb5 Nf6 21.Bf3 Ba6 22.a4 Bxb5
23.axb5 Rc8 24.Rf2 Rc3 25.Re2 Kf7 26.f5 Re8 27.fxe6+ Rxe6 28.Red2 Re1+ 29.Kf2 Rc1
30.Bxd5+ Nxd5 31.Rxd5 R1xc2 32.Rd7+ Kf6 33.Rd6+ Kg5 34.Rd5+ Kh6 35.g4 Rxd2+
36.Rxd2 Rc4 37.Kg3 Rxb4 38.Rd6+ g6 39.h4 Rxb5 40.Rd7 Rb3+ 41.Kf4 Rb4+ 42.Kg3 g5
43.hxg5+ Kxg5 44.Rg7+ Kf6 45.Rxa7 Kg6 46.Rd7 b5 47.Rd6+ Kg5 48.Rd5+ Kf6 49.Rd7 Ke5
50.Rxh7 Rb3+ 51.Kf2 b4 52.g5 Rb2+ 53.Ke3 Kd5 54.Kd3 Rg2 55.g6 b3 56.Kc3 b2
57.Rb7 b1=N+  1/2-1/2

[Event "Stilwerk Masters"]
[Site "Vienna AUT"]
[Date "2011.08.07"]
[Round "5"]
[White "Ootes,La"]
[Black "Jorczik,J"]
[Result "0-1"]
[WhiteElo "2376"]
[BlackElo "2383"]

1.e4 e6 2.d4 d5 3.Nc3 Nf6 4.e5 Nfd7 5.f4 c5 6.Nf3 Nc6 7.Be3 Be7 8.Be2 O-O
9.O-O f6 10.exf6 Nxf6 11.Kh1 Bd6 12.dxc5 Ng4 13.Ng5 Nxe3 14.Qd3 Rf5 15.Qxe3 Bxf4
16.Rxf4 Qxg5 17.Raf1 Bd7 18.Qg3 Qxg3 19.hxg3 Rff8 20.a3 a6 21.Bd3 g6 22.Kg1 Ne7
23.b4 e5 24.Rf6 e4 25.Be2 Bc6 26.a4 Rxf6 27.Rxf6 Kg7 28.Rd6 Nf5 29.b5 axb5
30.axb5 Nxd6 31.bxc6 bxc6 32.cxd6 Rd8 33.Na4 Rxd6 34.Kf2 Kf6 35.Nc5 Ke5 36.c3 Rd8
37.Ke3 Ra8 38.Nd7+ Kd6 39.Nf6 h6 40.c4 Ra3+ 41.Kf2 Ke6 42.cxd5+ Kxf6 43.dxc6 Rc3
44.Bb5 Ke5  0-1

[Event "20th ZMDI Open A"]
[Site "Dresden GER"]
[Date "2011.08.08"]
[Round "3.5"]
[White "Sengupta,D"]
[Black "Luther,T"]
[Result "0-1"]
[WhiteElo "2563"]
[BlackElo "2515"]

1.e4 e6 2.d4 d5 3.Nc3 Nf6 4.e5 Nfd7 5.f4 c5 6.Nf3 Nc6 7.Be3 cxd4 8.Nxd4 Bc5
9.Qd2 Nxd4 10.Bxd4 Bxd4 11.Qxd4 Qb6 12.O-O-O Qxd4 13.Rxd4 Ke7 14.Bd3 Nb8
15.Re1 Nc6 16.Ra4 Bd7 17.f5 d4 18.Nb5 exf5 19.Nd6 g6 20.Nxb7 Nd8 21.Rb4 Rb8
22.Ba6 Bc6 23.Nxd8 Rhxd8 24.Rxb8 Rxb8 25.g3 Ke6 26.Bd3 Bb5 27.b3 Bxd3 28.cxd3 Rc8+
29.Kd2 g5 30.Rc1 Rxc1 31.Kxc1 Kxe5 32.b4 f4 33.gxf4+ Kxf4 34.Kd2 h5 35.a4 h4
36.Ke2 g4 37.Kf2 h3 38.Kf1 g3 39.Kg1 g2 40.Kf2 f5  0-1

[Event "ch-SLO w 2011"]
[Site "Ljubljana SLO"]
[Date "2011.08.08"]
[Round "3"]
[White "Urbanc,S"]
[Black "Rozic,V"]
[Result "0-1"]
[WhiteElo "1652"]
[BlackElo "2310"]

1.e4 e6 2.d4 d5 3.Nc3 Nf6 4.e5 Nfd7 5.Nf3 c5 6.Bb5 Nc6 7.Bxc6 bxc6 8.O-O Be7
9.Bf4 Ba6 10.Re1 g5 11.Bg3 g4 12.Nd2 cxd4 13.Ne2 Qb6 14.Nb3 c5 15.Nf4 h5
16.h3 h4 17.Bh2 gxh3 18.Nxh3 O-O-O 19.Bf4 Rdg8 20.Bd2 c4 21.Ba5 Qb5 22.a4 Qb8
23.Nxd4 Nxe5 24.f4 Bc5 25.fxe5 Qxb2 26.Qf3 Qxd4+ 27.Kh1 Qg4 28.Qf1 Rh5 29.c3 Rf5
30.Qe2 Qxe2 31.Rxe2 Kd7 32.Rb1 Kc6 33.Reb2 Rxe5 34.Bb4 Bb6 35.Be7 Re3 36.Rc2 e5
37.Bxh4 Bc8 38.Bf2 Rxh3+ 39.gxh3 Bf5 40.Rxb6+ axb6 41.Rb2 Be4+  0-1

[Event "FSIMA August"]
[Site "Budapest HUN"]
[Date "2011.08.09"]
[Round "4"]
[White "Szalanczy,E"]
[Black "Horvath,Dav"]
[Result "0-1"]
[WhiteElo "2325"]
[BlackElo "2325"]

1.e4 e6 2.d4 d5 3.Nc3 Nf6 4.e5 Nfd7 5.f4 c5 6.Nf3 Nc6 7.Be3 Qb6 8.a3 a6 9.Be2 cxd4
10.Nxd4 Bc5 11.Na4 Qa5+ 12.c3 Bxd4 13.Bxd4 Nxd4 14.Qxd4 Qc7 15.b4 O-O 16.O-O b5
17.Nb2 Bb7 18.Rf3 Rfc8 19.Raf1 Qb6 20.Bd3 g6 21.Nd1 Rc6 22.h4 h5 23.Rg3 Rac8
24.Kh2 Kf8 25.Rff3 Ke7 26.Rg5 Qxd4 27.cxd4 Rc1 28.Nf2 R8c3 29.Bxg6 Rxf3 30.gxf3 fxg6
31.Rxg6 Kf7 32.Rh6 Nf8 33.Nh3 Rc3 34.Ng5+ Ke7 35.Rf6 Bc8 36.Kg3 Rxa3 37.Rf7+ Ke8
38.Ra7 Bd7 39.f5 exf5 40.e6 Nxe6 41.Nxe6 Bxe6 42.Kf4 Bd7 43.Kg5 Ke7 44.f4 Rg3+
45.Kxh5 Rg4 46.Rxa6 Rxf4 47.Rh6 Rxd4 48.Rh7+ Ke6 49.Rh6+ Ke5 50.Kg6 f4 51.Kf7 f3
52.Ke7 Bf5  0-1

[Event "50th World Juniors"]
[Site "Chennai IND"]
[Date "2011.08.09"]
[Round "7.17"]
[White "Firat,B"]
[Black "Cori,J"]
[Result "1-0"]
[WhiteElo "2373"]
[BlackElo "2514"]

1.e4 e6 2.d4 d5 3.Nc3 Nf6 4.e5 Nfd7 5.f4 c5 6.Nf3 Nc6 7.Be3 Rb8 8.Qd2 Qa5
9.Be2 b5 10.O-O b4 11.Nd1 Qb6 12.c3 g6 13.Bf2 Ba6 14.c4 Nxd4 15.Nxd4 cxd4
16.cxd5 Bxe2 17.Qxe2 exd5 18.b3 Bh6 19.Qd2 O-O 20.Bxd4 Qe6 21.Ne3 a5 22.Rae1 Rbc8
23.Qf2 Rc6 24.Qh4 Bg7 25.f5 gxf5 26.Nxf5 Kh8 27.Nxg7 Kxg7 28.Rf6 Nxf6 29.exf6+ Kh8
30.Rxe6 Rxe6 31.Qh5 Re4 32.Bc5  1-0

[Event "20th Poznan Open"]
[Site "Poznan POL"]
[Date "2011.08.09"]
[Round "4.1"]
[White "Przybylski,W"]
[Black "Szelag,M"]
[Result "0-1"]
[WhiteElo "2356"]
[BlackElo "2478"]

1.e4 e6 2.d4 d5 3.Nc3 Nf6 4.e5 Nfd7 5.f4 c5 6.Nf3 Nc6 7.Be3 Be7 8.Be2 O-O
9.O-O f6 10.exf6 Nxf6 11.Ne5 cxd4 12.Bxd4 Nxd4 13.Qxd4 Qc7 14.Qd3 a6 15.Bf3 b5
16.Rfe1 Bb7 17.Ne2 Ne4 18.g3 Bd6 19.Ng4 e5 20.fxe5 Bc5+ 21.Kg2 h5 22.Bxe4 dxe4
23.Qb3+ Qf7  0-1

[Event "20th ZMDI Open A"]
[Site "Dresden GER"]
[Date "2011.08.10"]
[Round "5.20"]
[White "Pfeffer,R"]
[Black "Wichmann,C"]
[Result "0-1"]
[WhiteElo "2255"]
[BlackElo "2360"]

1.e4 e6 2.d4 d5 3.Nc3 Nf6 4.e5 Nfd7 5.f4 c5 6.Nf3 Nc6 7.Be3 Be7 8.Qd2 O-O
9.O-O-O c4 10.f5 b5 11.Nxb5 Rb8 12.Nd6 Bxd6 13.exd6 exf5 14.Ne5 Qb6 15.c3 Nf6
16.Be2 Ne4 17.Qc2 Nxd4  0-1

[Event "ZMDI GER-UKR Rapid"]
[Site "Dresden GER"]
[Date "2011.08.11"]
[Round "1"]
[White "Hoolt,S"]
[Black "Arutyunova,D"]
[Result "0-1"]
[WhiteElo "2314"]
[BlackElo "2278"]

1.e4 e6 2.d4 d5 3.Nc3 Nf6 4.e5 Nfd7 5.f4 c5 6.Nf3 Nc6 7.Be3 a6 8.Qd2 g5 9.fxg5 cxd4
10.Nxd4 Ndxe5 11.Be2 Bg7 12.O-O Bd7 13.Rae1 O-O 14.b3 b5 15.Nd1 Ng6 16.Nf3 Rc8
17.Bd3 e5 18.Bxg6 hxg6 19.Qxd5 Nb4 20.Qd6 Nxc2 21.Nxe5 Be6 22.Qxd8 Rfxd8
23.Re2 Bxe5 24.Bb6 Bd4+ 25.Bxd4 Nxd4 26.Re4 Rc1 27.Ne3 Ne2+ 28.Kf2 Rxf1+
29.Kxf1 Nc3 30.Rf4 Nxa2 31.b4 Rd2 32.h4 Nc3 33.Ng4 Bxg4 34.Rxg4 Nd5 35.Re4 Rc2
36.Rd4 Ne3+ 37.Ke1  0-1

[Event "ZMDI GER-UKR Rapid"]
[Site "Dresden GER"]
[Date "2011.08.11"]
[Round "3"]
[White "Paehtz,E"]
[Black "Arutyunova,D"]
[Result "1-0"]
[WhiteElo "2463"]
[BlackElo "2278"]

1.e4 e6 2.d4 d5 3.Nc3 Nf6 4.e5 Nfd7 5.f4 c5 6.Nce2 Nc6 7.Nf3 Qb6 8.c3 cxd4
9.Nexd4 Nc5 10.Qc2 Bd7 11.Be3 Nxd4 12.Bxd4 Qc7 13.Be2 Be7 14.O-O O-O 15.h4 f5
16.exf6 gxf6 17.c4 Qxf4 18.cxd5 Rac8 19.dxe6 Nxe6 20.Qb3 Bc5 21.Bxc5 Rxc5
22.Rad1 Qc7 23.Nd4 Qb6 24.Bc4 Rxc4 25.Qxc4 Kh8 26.Kh1 Ng7 27.Qd5 Bg4 28.Rd3 f5
29.Nf3 Nh5 30.Ng5 Qf6 31.Re1 f4 32.Qe5 Ng3+ 33.Kg1 Qxe5 34.Rxe5 h6 35.Ne4 Ne2+
36.Kf2 Rc8 37.Nc3 Ng3 38.Rd6 Nf5 39.Rf6 Nd4 40.Rxf4 Bd7 41.Rd5  1-0